000 00508nam a2200181Ia 4500
999 _c14011
_d14011
003 OSt
005 20201020114527.0
008 190216s9999||||xx |||||||||||||| ||und||
020 _a8172242832
040 _coclc
082 _a149.7
_bDAY/H
100 _aDayal, Har
_95973
245 0 _aHints For Self Culture /
_cHar Dayal
260 _bJaico Publishing House ,
_c1961.
_aNew Delhi:
300 _a326p
650 _aEnglish General
942 _cBK
_2ddc
_h149.7
_iDAY/H
_k149.7
_mDAY/H